Detalles MARC
| 000 -CABECERA |
| campo de control de longitud fija |
01065cam a2200277 a 4500 |
| 001 - NÚMERO DE CONTROL |
| campo de control |
000002106 |
| 003 - IDENTIFICADOR DEL NÚMERO DE CONTROL |
| campo de control |
DO-SdBNP |
| 005 - FECHA Y HORA DE LA ÚLTIMA TRANSACCIÓN |
| campo de control |
20251029141414.0 |
| 008 - DATOS DE LONGITUD FIJA--INFORMACIÓN GENERAL |
| campo de control de longitud fija |
791206s1978 ve a b 000 0cspa |
| 040 ## - FUENTE DE LA CATALOGACIÓN |
| Centro catalogador/agencia de origen |
DO-SdBNP |
| Centro/agencia transcriptor |
DLC |
| Centro/agencia modificador |
DLC |
| 082 ## - NÚMERO DE LA CLASIFICACIÓN DECIMAL DEWEY |
| Número de clasificación |
924.987 |
| Número de documento/Ítem |
B764s |
| 100 1# - ENTRADA PRINCIPAL--NOMBRE DE PERSONA |
| Nombre de persona |
Boulton, Alfredo. |
| 9 (RLIN) |
6765 |
| 245 13 - MENCIÓN DE TÍTULO |
| Título |
El solar caraqueño de Andrés Bello / |
| Mención de responsabilidad, etc. |
Alfredo Boulton. |
| 260 ## - PUBLICACIÓN, DISTRIBUCIÓN, ETC. |
| Lugar de publicación, distribución, etc. |
Caracas : |
| Nombre del editor, distribuidor, etc. |
La Casa de Bello, |
| Fecha de publicación, distribución, etc. |
1978. |
| 300 ## - DESCRIPCIÓN FÍSICA |
| Extensión |
61 p. : |
| Otras características físicas |
il. ; |
| Dimensiones |
24 cm. |
| 504 ## - NOTA DE BIBLIOGRAFÍA, ETC. |
| Nota de bibliografía, etc. |
Incluye referencias bibliográficas y notas al pie de las páginas. |
| 600 14 - PUNTO DE ACCESO ADICIONAL DE MATERIA--NOMBRE DE PERSONA |
| Nombre de persona |
Bello, Andrés, |
| Fechas asociadas al nombre |
1781-1865 |
| Subdivisión general |
Familia. |
| 9 (RLIN) |
6766 |
| 600 14 - PUNTO DE ACCESO ADICIONAL DE MATERIA--NOMBRE DE PERSONA |
| Nombre de persona |
Bello, Andrés, |
| Fechas asociadas al nombre |
1781-1865 |
| Subdivisión general |
Biografía |
| 9 (RLIN) |
6767 |
| 600 14 - PUNTO DE ACCESO ADICIONAL DE MATERIA--NOMBRE DE PERSONA |
| Nombre de persona |
López, Juan Pedro, |
| Fechas asociadas al nombre |
1724-1787. |
| 9 (RLIN) |
6769 |
| 651 #4 - PUNTO DE ACCESO ADICIONAL DE MATERIA--NOMBRE GEOGRÁFICO |
| Nombre geográfico |
Caracas (Venezuela) |
| Subdivisión general |
Vida Intelectual |
| Subdivisión cronológica |
Siglo XX. |
| 9 (RLIN) |
6768 |
| 700 12 - PUNTO DE ACCESO ADICIONAL--NOMBRE DE PERSONA |
| Nombre de persona |
Boulton, Alfredo. |
| Título de la obra |
Juan Pedro López. |
| Fecha de publicación/de la obra |
1978. |
| 9 (RLIN) |
6772 |
| 710 2# - PUNTO DE ACCESO ADICIONAL--NOMBRE DE ENTIDAD CORPORATIVA |
| Nombre de entidad corporativa o nombre de jurisdicción como elemento de entrada |
Fundación La Casa de Bello |
| 9 (RLIN) |
6770 |
| 710 2# - PUNTO DE ACCESO ADICIONAL--NOMBRE DE ENTIDAD CORPORATIVA |
| Nombre de entidad corporativa o nombre de jurisdicción como elemento de entrada |
Comisión Nacional Para La Celebración del Bicentenario de Don Andres Bello. |
| 9 (RLIN) |
6771 |
| 910 ## - DATOS DE OPCIÓN DEL USUARIO (OCLC) |
| Datos de opción del usuario |
Catalogación por copia / LC |
| 942 ## - ELEMENTOS DE PUNTO DE ACCESO ADICIONAL (KOHA) |
| Fuente del sistema de clasificación o colocación |
Dewey Decimal Classification |
| Tipo de ítem Koha |
Libro |